000 01097nam0a2200337 4500
001 RU\NLR\bibl\248319
005 20260405130517.0
021 _aRU
_b2001-47275
_92267
035 _a(NLR Aleph) 000244149
090 _a1423469
_c1423469
100 _a20020320d2001 |||y0rusy50 ca
101 0 _arus
102 _aRU
105 _aa |||||||||
200 1 _aПамятка христианину
_fЗолотухина Елена Семеновна
210 _aМ.
_cБ. и.
_d2001
215 _a19 с., включая обл.
_cил.
_d15
606 0 _aПравославие
_91149727
_3RU\NLR\auth\66140500
610 0 _aХристианская мораль
675 _a281.93
_v3
_zrus
686 _a21.15
_2rugasnti
686 _a86.372
_2rubbk
686 _aЭ372.24,0
700 1 _4070
_8rus
_7ca
_aЗолотухина
_bЕ. С.
_gЕлена Семеновна
_3RU\NLR\auth\7751625
_934558
801 0 _aRU
_bRKP
_c20020320
_gPSBO
801 1 _aRU
_bRKP
_c20020320
801 2 _aRU
_bNLR
_c20070507
_grcr
942 _cBOOK
980 _aNB